Normal view
MARC view
Entry Personal Name
001 - CONTROL NUMBER
- control field: 237593
003 - CONTROL NUMBER IDENTIFIER
- control field: OSt
005 - DATE AND TIME OF LATEST TRANSACTION
- control field: 20250829115707.0
008 - FIXED-LENGTH DATA ELEMENTS
- fixed length control field: 250829|| aca||aabn | a|a d
040 ## - CATALOGING SOURCE
- Original cataloging agency: OSt
- Transcribing agency: OSt
100 ## - HEADING--PERSONAL NAME
- Personal name: DEVU HANEHALLI.
- Dates associated with a name: ದೇವು ಹನೆಹಳ್ಳಿ
670 ## - SOURCE DATA FOUND
- Source citation: Work cat.: (OSt)104353: DEVU HANEHALLI. ದೇವು ಹನೆಹಳ್ಳಿ, Shileyoladagida kappe., 2001